España ante Francia / (Record no. 85491)

MARC details
000 -LEADER
campo de control de longitud fija 00564nam a2200181 i 4500
001 - NÚMERO DE CONTROL
campo de control 85491
003 - IDENTIFICADOR DE NÚMERO DE CONTROL
campo de control ES-MaACL
005 - FECHA Y HORA DE LA ÚLTIMA TRANSACCIÓN
campo de control 20250628040751.0
007 - CAMPO FIJO DE DESCRIPCIÓN FÍSICA--INFORMACIÓN GENERAL
campo de control de longitud fija t|
008 - DATOS DE LONGITUD FIJA--INFORMACIÓN GENERAL
campo de control de longitud fija 041128s1940 sp ||||1| spa d
100 1# - ENTRADA PRINCIPAL--NOMBRE DE PERSONA
Nombre de persona Juretschke, Hans.
9 (RLIN) 67334
245 10 - MENCIÓN DEL TÍTULO
Título España ante Francia /
Mención de responsabilidad, etc. Hans Juretschke ; con un prólogo de Antonio Tovar.
260 ## - PUBLICACIÓN, DISTRIBUCIÓN, ETC.
Lugar de publicación, distribución, etc. Madrid :
Nombre del editor, distribuidor, etc. [s.n.,
Fecha de publicación, distribución, etc. 1940] (
Fabricante Afrodisio Aguado)
300 ## - DESCRIPCIÓN FÍSICA
Extensión XXIII, 243 p. ;
Dimensiones 22 cm.
700 1# - ENTRADA AGREGADA--NOMBRE PERSONAL
Nombre de persona Tovar, Antonio,
Fechas asociadas al nombre 1911-1985
9 (RLIN) 111167
852 ## - LOCALIZACIÓN
Ubicación ES-MaACL
Número de control de estantería A-5113
Sublocalización o colección R.18169
Holdings
Estatus retirado Estado de pérdida Estado de daño No para préstamo Biblioteca de origen Biblioteca actual Ubicación en estantería Fecha de adquisición Fuente de adquisición Total de préstamos Signatura topográfica completa Código de barras Visto por última vez Precio de reemplazo Tipo de ítem Koha
        Biblioteca del Ateneo de Madrid Biblioteca del Ateneo de Madrid Sala Pecera Planta 1 17/01/2008     A-5113 1089334 23/02/2023 23/02/2023 Libro impreso